000 00417nam a2200157Ia 4500
008 160316s1959 xxu||||| |||| 00| 0 eng d
082 _a341.630000
_bSIN
100 _aSingh Nagendra
245 _aNuclear weapons and international law
250 _a
260 _aLondon
_bStevens & Sons
_c1959
300 _a267p
_b
_cxix
365 _b
650 _a1.International Law - War - Nuclear Weapons usage
700 _a
_a
999 _c9855
_d9855